000 00451nam a2200157Ia 4500
020 _a0421309601
082 _a331.2520942 HOS
100 _aHosking, Gordon AlbertMcKelvey, K. Muir [et al...]
_92305
245 _aHosking's pension schemes and retirement benefits
250 _a5th ed
260 _aLondon:
_bSweet & Maxwell
_c1985
300 _aix, 264p. ;21cm.
500 _aIncludes index
650 _aPensionsSocial security
_92306
942 _cBK
999 _c3646
_d3646